Practical guide to diagnosing structural movement in buildings (Record no. 114632)

MARC details
000 -LEADER
fixed length control field 00718cam a22002175a 4500
001 - CONTROL NUMBER
control field L157155
008 - FIXED-LENGTH DATA ELEMENTS--GENERAL INFORMATION
fixed length control field 270912s2012 xxk af 001 0 eng d
020 ## - INTERNATIONAL STANDARD BOOK NUMBER
International Standard Book Number 9780470659106
035 ## - SYSTEM CONTROL NUMBER
System control number (Sirsi) u157155
041 0# - LANGUAGE CODE
Language code of text/sound track or separate title eng
050 04 - LIBRARY OF CONGRESS CALL NUMBER
Classification number 690.25 $2 18
100 1# - MAIN ENTRY--PERSONAL NAME
Personal name Holland, Malcolm
245 00 - TITLE STATEMENT
Title Practical guide to diagnosing structural movement in buildings
260 ## - PUBLICATION, DISTRIBUTION, ETC.
Place of publication, distribution, etc. Chichester
Name of publisher, distributor, etc. John Wiley & Sons
Date of publication, distribution, etc. 2012
300 ## - PHYSICAL DESCRIPTION
Extent xv, 220p.
Other physical details ill.
Dimensions 22cm.
520 ## - SUMMARY, ETC.
Summary, etc. Sets out a methodology for diagnosing the causes of cracks in buildings, and looks at ways of stopping further movement and repairing damage.
651 #4 - SUBJECT ADDED ENTRY--GEOGRAPHIC NAME
Geographic name United Kingdom
Chronological subdivision
690 ## - LOCAL SUBJECT ADDED ENTRY--TOPICAL TERM (OCLC, RLIN)
Topical term or geographic name as entry element Building materials and defects
942 ## - ADDED ENTRY ELEMENTS (KOHA)
Suppress in OPAC 0
Holdings
Withdrawn status Lost status Source of classification or shelving scheme Damaged status Not for loan Home library Current library Shelving location Date acquired Cost, normal purchase price Total Checkouts Full call number Barcode Date last seen Copy number Cost, replacement price Price effective from Koha item type
    Dewey Decimal Classification     London London Books 27/09/2012 20.96   690.25 HOL 30077787 06/08/2019 1 20.96 06/08/2019 Book